| 000 | 00468nam a2200169Ia 4500 | ||
|---|---|---|---|
| 008 | 151021s9999 xx 000 0 und d | ||
| 020 | _a495010138 | ||
| 050 | _aQD 31.3.K68 2006 | ||
| 245 | _a_Chemistry&chemical reactivity [6th ed] | ||
| 260 | _aUSA Thomson 2006 | ||
| 300 | _axxxix,587p;ill. | ||
| 500 | _aIncludes index | ||
| 500 | _aIncludes index | ||
| 650 | _a_chemical reaction | ||
| 700 | _a_Paul M Treichel | ||
| 980 | _a^d20120814 07:04:07^oanne | ||
| 999 |
_c12402 _d12402 |
||